01055cam a2200253 a 45000010009000000050017000090080041000260200035000670200038001020820023001401000055001632450043002182600068002613000033003294400052003625040064004146500041004786500043005196500052005626530022006149420012006369990017006489520136006651529801920121126141942.0080520s2008 enka b 001 0 eng  a0521889316 (hbk. : alk. paper) a9780521889315 (hbk. : alk. paper)00a621.38456222bCOX1 aCox, Christopherq(Christopher Ian),d1965-93147710aEssentials of UMTS /cChristopher Cox. aCambridge, UK ;aNew York :bCambridge University Press,c2008. axi, 240 p. :bill. ;c24 cm. 4aThe Cambridge wireless essentials series931475 aIncludes bibliographical references (p. 219-220) and index. 0aMobile communication systems.931478 0aWireless communication systems.931479 0aGlobal system for mobile communications.931480 bElecNovember2012 2ddccBB c17110d17082 00102ddc40708BaccahaMAINbMAINc1STd2012-11-26epurchaseg444.00h16429l0o621.38456 COXp000027839r2025-07-15 00:00:00yBB